The Quran and its Interpreters (Record no. 65181)

MARC details
000 -LEADER
fixed length control field 00223nam a22001097a 4500
082 ## - DEWEY DECIMAL CLASSIFICATION NUMBER
Classification number 297.1226
100 ## - MAIN ENTRY--AUTHOR NAME
Personal name Mahmoud M.Ayoub
245 ## - TITLE STATEMENT
Title The Quran and its Interpreters
260 ## - PUBLICATION, DISTRIBUTION, ETC. (IMPRINT)
Place of publication Albany
300 ## - PHYSICAL DESCRIPTION
Number of Pages 290
942 ## - ADDED ENTRY ELEMENTS (KOHA)
Koha item type Books

No items available.